000 00812cam a22002531 4500
001 ca 33000978
003 DLC
005 20260227111129.0
008 871228s1933 nyu 000 0 eng
010 _aca 33000978
035 _a(OCoLC)17287403
040 _aDLC
_cTNJ
_dDLC
042 _apremarc
050 0 0 _aTK7
_b.N35 no. 17
082 0 _a621.3174
110 2 _aNational Electrical Manufacturers Association.
245 1 0 _aNEMA industrial control standards ...
260 _aNew York,
_bNational electrical manufacturers association,
_c1933.
300 _a42 p., 1 l.
_billus.
_c27 cm.
490 1 _aIts Publications,
_vno. 33-17
650 0 _aElectric controllers.
740 0 _aIndustrial control standards.
810 2 _aNational Electrical Manufacturers Association.
_tPublications,
_vno. 33-17.
999 _c17136
_d17136